Využívanie predvstupových a štrukturálnych fondov Európskej únie

Informácia o dotazníkovom prieskume realizovanom Katedrou ekonómie Podnikovohospodárskej fakulty EU v Bratislave o využívaní fondov EU.

Salvato in:
Dettagli Bibliografici
Autore principale: Stričík, Michal, 1969-
Natura: Capitolo di libro
Lingua:slovacco
Soggetti:
Tags: Aggiungi Tag
Nessun Tag, puoi essere il primo ad aggiungerne!!

MARC

LEADER 00000naa$a2200000$$$4500
001 0086800
005 20240611085303.8
041 0 |a slo 
044 |a SK 
245 1 0 |a Využívanie predvstupových a štrukturálnych fondov Európskej únie  |c Michal Stričík 
520 |a Informácia o dotazníkovom prieskume realizovanom Katedrou ekonómie Podnikovohospodárskej fakulty EU v Bratislave o využívaní fondov EU. 
610 2 0 |a fondy štruktúrne 
610 2 0 |a Európska únia 
610 2 0 |a konkurencieschopnosť 
610 2 0 |a politika regionálna 
610 2 0 |a Slovensko 
100 1 |a Stričík, Michal, 1969-